| 000 | 01106nam a22002297a 4500 | ||
|---|---|---|---|
| 005 | 20240530110910.0 | ||
| 008 | 220214s2007 ua g 000 0 ara d | ||
| 017 | _bمصر. دار الكتب | ||
| 020 | _a9960572285 | ||
| 040 |
_aEG-CaGPL _cEG-CaGPL |
||
| 082 | 0 | 4 |
_221 _a229.5 / _bح ف |
| 100 | 0 | _aحمدى حمزة الصريصرى الجهنى | |
| 245 | 1 | 0 |
_aفك اسرار ذى القرنين ( اختاتوت ) وياجوج وماجوج / _cحمدى حمزة الصريصرى الجهنى |
| 250 | _aط. 1 | ||
| 260 |
_aالرياض : _bالمؤلف، _c2007 |
||
| 300 |
_a572 ص. ؛ _c24 سم |
||
| 500 | _aكيف كشفت قصة ذى القرنين القرانية اكثر اسرار الخضارتين الفرعونية والصينية القديمة غموضا وكيف كشف تاريخ تلكما الخضارتين اسرار قصة ذى القرنين القرانية وقصص وحقائق قرانية اخرى | ||
| 650 | 0 | 7 |
_2qrmak _aياجوج وماجوج |
| 650 | 0 | 7 |
_2qrmak _aذى القرنين |
| 942 |
_2ddc _cBK |
||
| 999 |
_c66298 _d66298 |
||